000 00935nac a22002171u 4500
008 100919t xxu||||| |||| 00| 0 eng d
010 _a 94040050
020 _a0312119054
082 0 0 _a658.421
_bSi63
100 _aSinetar, Marsha.
_919482
245 1 0 _aTo Build the Life You Want, Create the Work You Love :
_bThe Spiritual Dimension of Entrepreneuring /
_cMarsha Sinetar.
260 _aNew York :
_bSt. Martin's Press,
_c1995.
300 _a209 p. :
_bill. ;
_c22 cm.
504 _aIncludes bibliographical references (p. 204-209).
650 0 _aNew business enterprises.
_919483
650 0 _aEntrepreneurship
_xPsychological aspects.
_919484
650 0 _aVocational interests.
_919485
650 0 _aSuccess in business.
_919486
942 _cBB
_k658.421 SIN
_2ddc
999 _c2496
_d2496